| 000 | 00556nam a22001937a 4500 | ||
|---|---|---|---|
| 003 | OSt | ||
| 005 | 20190611100408.0 | ||
| 008 | 190611b xxu||||| |||| 00| 0 ara d | ||
| 040 | _aLB-BrCRDP | ||
| 082 | _a892.71 J47u | ||
| 100 | _aفريد جحا | ||
| 245 | _aالعروبة في شعر المهجر | ||
| 260 |
_aبيروت _bمكتبة رأس بيروت _c1965 |
||
| 300 |
_aص207 _cسم23 |
||
| 630 | _a Nationalism in literature. | ||
| 630 | _aArabic poetry -- America -- History and criticism. | ||
| 630 | _a Arabic poetry. | ||
| 942 |
_2ddc _cBK |
||
| 999 |
_c22939 _d22939 |
||